000 00922nem a2200217 u 4500
005 20200104041743.0
008 160511b1999 c ||||| |a|| 00| 0 spa d
040 _aCO-BoIAVH
_cCO-BoIAVH
041 _aspa
044 _ack
090 _aMC-
_b0177
110 2 _aInstituto de Investigación de recursos biológicos Alexander Von Humboldt.
_9204
245 1 _aMapa de bosques andinos remanentes de la vertiente oriental de la cordillera Oriental ;
_bPrograma de inventarios de Biodiversidad, caracterización de la biodiversidad en áreas prioritarias de la vertiente oriental de la cordillera Oriental
_h[Material Cartografico]
255 _a1:1´500.000
260 _aBogotá
_bIAvH
_c1999
300 _a1 mapa ;
_bcolor.
_c97 x 70 cm
650 1 6 _aHidrografía
_zCordillera Oriental
_967902
650 1 6 _aBosques
_zCordillera Oriental
_967903
650 1 6 _aParamos
_zCordillera Oriental
_967904
942 _2z
_cMapa
999 _c18519
_d18519